Every Country To Have Won A World Cup - Statistics

General Stats
  • This quiz has been taken 31 times
  • The average score is 8 of 8
Answer Stats
# Country % Correct
5 Brazil
100%
4 Germany
100%
1 Spain
100%
2 Uruguay
100%
3 Argentina
95%
4 Italy
95%
1 England
91%
2 France
91%
No matching quizzes found
Score Distribution
Percent of People with Each Score
Percentile by Number Answered
Your Score History
You have not taken this quiz